Quản trị doanh nghiệp thương mại : 50 ý tưởng mạnh để chăm sóc và giữ khách hàng

محفوظ في:
التفاصيل البيبلوغرافية
المؤلف الرئيسي: Timm, Paul R.
التنسيق: كتاب
اللغة:Undetermined
منشور في: Hà Nội Thống Kê 2004
الموضوعات:
الوسوم: إضافة وسم
لا توجد وسوم, كن أول من يضع وسما على هذه التسجيلة!
Thư viện lưu trữ: Trung tâm Học liệu Trường Đại học Cần Thơ
LEADER 00706nam a2200217Ia 4500
001 CTU_74697
008 210402s9999 xx 000 0 und d
020 |b 19500 
082 |a 658.834 
082 |b T584 
100 |a Timm, Paul R. 
245 0 |a Quản trị doanh nghiệp thương mại : 
245 0 |b 50 ý tưởng mạnh để chăm sóc và giữ khách hàng 
245 0 |c Paul R. Timm, Nguyễn Hữu Tiến ; Đặng Xuân Nam biên dịch 
260 |a Hà Nội 
260 |b Thống Kê 
260 |c 2004 
650 |a Consumers,Market surveys 
650 |x Attitudes 
904 |i Tuyến 
980 |a Trung tâm Học liệu Trường Đại học Cần Thơ